000 00759nam a2200217Ia 4500
003 CO-CtgCURN
005 20250408170401.0
008 190722s9999 xx 000 0 und d
020 _a9589333877
040 _aCO-CtgCURN
_bspa
_ccoctgcurn
082 _a342.08
_bM183
100 _aMadrinan Rivera, Ramon Eduardo
245 0 _aEl estado social de derecho /
_cRamon Eduardo Madrinan Rivera
260 _aBogotá, Colombia :
_bGrupo Editorial Ibañez,
_c2001
300 _a163 páginas ;
_c19 centímetros
521 _aAREA PROFESIONAL
590 _aPrograma de Derecho_18
650 _aDerecho constitucional y administrativo
942 _cBK
_h342.08
_iM183
_02
_2ddc
_n0
999 _c28422
_d28422